ARRUPE JESUIT UNIVERSITY

CORONAVIRUS -STOP THE SPREAD - CLEAN,DISINFECT,COVER

Terrorism, justice and social values (Record no. 8757)

MARC details
000 -LEADER
fixed length control field 00645nam a2200217Ia 4500
003 - CONTROL NUMBER IDENTIFIER
control field 0100
005 - DATE AND TIME OF LATEST TRANSACTION
control field 20190725100052.0
008 - FIXED-LENGTH DATA ELEMENTS--GENERAL INFORMATION
fixed length control field 130303s9999 xx 000 0 und d
020 ## - INTERNATIONAL STANDARD BOOK NUMBER
International Standard Book Number 889467390
040 ## - CATALOGING SOURCE
Transcribing agency ARRUPELIB
050 ## - LIBRARY OF CONGRESS CALL NUMBER
Classification number HM216.T391990
300 ## - PHYSICAL DESCRIPTION
Other physical details 445 p.24 cm
245 ## - TITLE STATEMENT
Title Terrorism, justice and social values
260 ## - PUBLICATION, DISTRIBUTION, ETC. (IMPRINT)
Place of publication, distribution, etc Lewiston, N.Y.
Name of publisher, distributor, etc The Edwin Mellen Press
Date of publication, distribution, etc 1990
300 ## - PHYSICAL DESCRIPTION
Extent vii
440 ## - SERIES STATEMENT/ADDED ENTRY--TITLE
Title Studies in social and political theory,V.11
9 (RLIN) 47609
650 ## - SUBJECT ADDED ENTRY--TOPICAL TERM
Topical term following geographic name as entry element and the world Villars statement on relief and development
9 (RLIN) 47610
700 ## - ADDED ENTRY--PERSONAL NAME
Personal name Edited by Creighton Peden and Yeager Hudson , Peden, CreightonHudson, Yeager
9 (RLIN) 47611
942 00 - ADDED ENTRY ELEMENTS (KOHA)
Koha issues (borrowed), all copies 1
Source of classification or shelving scheme Library of Congress Classification
Koha item type Monograph ( Printed materials)
Holdings
Withdrawn status Lost status Source of classification or shelving scheme Damaged status Not for loan Collection code Home library Current library Shelving location Date acquired Total Checkouts Full call number Barcode Date last seen Date checked out Copy number Price effective from Koha item type
    Library of Congress Classification     Main Collection ARRUPE LIBRARY ARRUPE LIBRARY   04/03/2013 11 HM216.T391990 46003046378 30/04/2018 12/03/2018 1 04/03/2013 Monograph ( Printed materials)

 

Arrupe Library. PO Box MP320 Mt Pleasant, Harare, Zimbabwe
263 242 745411|librarian@aju.ac.zw